MARC details
| 000 -CABECERA |
| campo de control de longitud fija |
01919nab a2200265 i 4500 |
| 003 - IDENTIFICADOR DEL NÚMERO DE CONTROL |
| campo de control |
MX-MxUPN |
| 005 - FECHA Y HORA DE LA ÚLTIMA TRANSACCIÓN |
| campo de control |
20260213144745.0 |
| 007 - CAMPO FIJO DE DESCRIPCIÓN FÍSICA--INFORMACIÓN GENERAL |
| campo de control de longitud fija |
cr a |
| 008 - ELEMENTOS DE LONGITUD FIJA--INFORMACIÓN GENERAL |
| campo de control de longitud fija |
260213s2025 cl|q||||o|||| 00| 0 spa d |
| 040 ## - FUENTE DE LA CATALOGACIÓN |
| Centro catalogador/agencia de origen |
MX-MxUPN |
| Lengua de catalogación |
spa |
| Centro/agencia transcriptor |
MX-MxUPN |
| 041 0# - CÓDIGO DE IDIOMA |
| Código de lengua del texto/banda sonora o título independiente |
spa |
| 100 1# - ASIENTO PRINCIPAL--NOMBRE PERSONAL |
| Nombre de persona |
Campos Cannobbio, Valeria |
| 9 (RLIN) |
58775 |
| 100 1# - ASIENTO PRINCIPAL--NOMBRE PERSONAL |
| Nombre de persona |
Villalobos Saldivia, Irene |
| 9 (RLIN) |
58776 |
| 245 10 - MENCIÓN DE TÍTULO |
| Título |
Análisis de la discusión en la Cámara de Diputados sobre personas sordas en la Ley N°21.303 en Chile |
| Medio |
[recurso electrónico en línea] |
| 506 0# - NOTA DE RESTRICCIONES AL ACCESO |
| Limitaciones de acceso |
Acceso abierto. |
| 520 3# - NOTA DE RESUMEN, ETC. |
| Sumario, etc. |
La “comunidad Sorda” se constituye en base al reconocimiento de individuos con características culturales específicas y el uso de la lengua de señas. Aunque en 2010 Chile legalizó la lengua de señas como medio de comunicación para las personas Sordas, no la reconoció como lengua oficial. Posteriormente, se propuso un proyecto de ley en la Cámara de Diputados para oficializarla. Esta investigación cualitativa realizó un Análisis Crítico de Discursos (ACD) con el objetivo de analizar la discusión en la cámara de Diputados sobre personas Sordas en la ley N°21.303. Lo resultados conforman cuatro ejes discursivos: 1. posturas generales respecto a la ley, 2. reconocimiento de las personas Sordas, 3. perfil del profesor de la lengua de señas, 4. estatus de reconocimiento oficial. Finalmente, este estudio proporciona una comprensión profunda de cómo estos discursos pueden validar, legitimar y/o perpetuar las barreras que enfrentan las personas Sordas en diversos ámbitos sociales. |
| 650 #2 - ASIENTO SECUNDARIO DE MATERIA - TERMINO TEMATICO |
| Término de materia o nombre geográfico como elemento de entrada |
Derechos sociales |
| 9 (RLIN) |
14983 |
| 650 #2 - ASIENTO SECUNDARIO DE MATERIA - TERMINO TEMATICO |
| Término de materia o nombre geográfico como elemento de entrada |
Discapacidad auditiva |
| 9 (RLIN) |
14059 |
| 653 0# - TERMINO DE INDIZACION - NO CONTROLADO |
| Término no controlado |
Lengua de señas |
| 653 0# - TERMINO DE INDIZACION - NO CONTROLADO |
| Término no controlado |
Discursos |
| 773 ## - ENLACE AL DOCUMENTO FUENTE/ENTRADA DE REGISTRO ANFITRIÓN |
| Parte(s) relacionada(s) |
Vol. 51, no 2 (2025), p.289-308 |
| Título |
Estudios pedagógicos |
| Número Internacional Normalizado para Publicaciones Seriadas |
0718-0705 |
| 856 40 - LOCALIZACIÓN Y ACCESO ELECTRÓNICOS |
| Identificador Uniforme del Recurso |
<a href="http://revistas.uach.cl/index.php/estped/article/view/7936">http://revistas.uach.cl/index.php/estped/article/view/7936</a> |
| 902 ## - ELEMENTOS DE DATOS B LOCAL, LDB (RLIN) |
| Creó |
Víctor Ruiz/130226 |
| 942 ## - ELEMENTOS DE PUNTO DE ACCESO ADICIONAL (KOHA) |
| Fuente del sistema de clasificación o colocación |
Library of Congress Classification |
| Tipo de ítem Koha |
Artículo Electrónico |